Responses for Show #7409 - Thursday, November 24, 2016

Contestants

[<< previous game]

Lexie Gagliardi, a digital fashion editor from New York, New York

Jay Johnson, an attorney from Henderson, Tennessee

Andrew Lee, an aspiring TV writer from West Hollywood, California (whose 1-day cash winnings total $26,001)

[next game >>]

Jeopardy! Round responses

FIRST LADIES
1990s MOVIE QUOTES
GENERAL KNOWLEDGE
U.S. CITY SEALS
RECENT FICTION
1-CONSONANT WORDS
    $200 21
Rosalynn Carter

Andrew
    $200 1
The Silence of the Lambs

Lexie
    $200 3
(Jay: What is a line?)

straight

Jay
Triple Stumper
    $200 26
the Confederate flag

Andrew
    $200 12
(Charlie) Manson

Andrew
    $200 10
(Lexie: What is a sword?)

an épée

AndrewLexie
    $400 22
Dolley Madison

Jay
    $400 2
(Andrew: What's Shakespeare in Love?)

As Good as It Gets

Andrew
Triple Stumper
    $400 4
basket-weaving

Jay
    $400 27
Lake Michigan

Andrew
    $400 13
Darker

Andrew
    $400 15
an aria

Andrew
    $600 23
Betty Ford

Andrew
    $600 6
Home Alone

Andrew
    $600 5
Carly Fiorina

Andrew
    $600 28
Oklahoma City

Triple Stumper
    $600 14
Florida

Jay
    $600 18
ouzo

Lexie
    $800 24
Jacqueline Kennedy

Triple Stumper
    $800 7
The Truman Show

Jay
    $800 8
Oedipus

Andrew
    $3,000 29
(Andrew: What's brotherhood?)

brotherly love

Andrew
    $800 16
Delia Ephron

Triple Stumper
    $800 19
an aerie

Andrew
    $1000 25
Grace Coolidge

Triple Stumper
    $1000 11
Ghost

Triple Stumper
    $1000 9
Ferrari

Lexie
    $1000 30
Hartford

Jay
    $1000 17
Jude

Andrew
    $1000 20
vie

Lexie

Scores at the first commercial break (after clue 15):

Andrew Jay Lexie
$2,800 $1,600 $1,000

Scores at the end of the Jeopardy! Round:

Andrew Jay Lexie
$3,000 $3,000 $2,600

Double Jeopardy! Round responses

FROM A TO ALMOST Z
HIGHWAYS & BYWAYS
BUTTERFLIES
JAPANESE HISTORY
GLORIA, GLORIA
HALLELUJAH!
    $400 13
an autopsy

Lexie
    $400 3
Massachusetts

Andrew
    $400 1
(Jay: What is a caterpillar?)

a chrysalis

JayLexie
    $400 18
(Jay: What is the emperor?)

war

Jay
Triple Stumper
    $400 11
(Gloria) Estefan

Andrew
    $400 24
psalms

Andrew
    $800 14
aglow

Lexie
    $800 4
Portobello

Andrew
    $800 2
monarch butterflies

Jay
    $3,000 22
shogun

Andrew
    $800 12
(Gloria) Vanderbilt

Jay
    $800 25
Messiah

Lexie
    $1200 15
antiquity

Jay
    $1200 5
Barcelona

Andrew
    $1200 8
moths

Andrew
    $1200 23
(Alex: Less than a minute to go now, Andrew.)

the Meiji restoration

Triple Stumper
    $1200 19
Gloria Gaynor

Lexie
    $1200 26
David

Lexie
    $1600 16
Arrow

Triple Stumper
    $1600 6
(Lexie: What is Frankfort?)

Columbus

AndrewLexie
    $1600 9
scales

Triple Stumper
    $1600 20
Gloria Swanson

Andrew
    $4,000 27
(Alex: Lexie?)
[Lexie shakes her head]
...
[The end-of-round signal sounds.]

Pascagoula

Lexie
    $2000 17
acromegaly

Jay
    $2000 7
(Andrew: What's Luxor?)

Giza

AndrewLexie
    $2000 10
Nepal

Andrew
    $2000 21
(Andrew: Who is Gloria Steinem?)

Gloria Allred

Andrew
Triple Stumper

Scores at the end of the Double Jeopardy! Round:

Andrew Jay Lexie
$11,600 $7,000 $3,800

[wagering suggestions for these scores]

Final Jeopardy! Round responses

FOOD HISTORY
(Alex: [To Lexie] Yes, we are honoring [*] for Thanksgiving.)
LexieWhat are turkeys
$3,799
JayWhat are turkeys?
$2,201
AndrewWhat are Turkeys
$2,401
turkeys

Final scores:

Andrew Jay Lexie
$14,001 $9,201 $7,599
2-day champion: $40,002 2nd place: $2,000 3rd place: $1,000

Game dynamics:

Coryat scores:

Andrew Jay Lexie
$12,400 $7,000 $7,800
23 R
(including 1 DD),
4 W
(including 1 DD)
9 R,
3 W
11 R,
3 W
(including 1 DD)

Combined Coryat: $27,200

[game clues] [game scores] [suggest correction]

Game tape date: 2016-08-23
The J! Archive is created by fans, for fans. Scraping, republication, monetization, and malicious use prohibited; this site may use cookies and collect identifying information. See terms. The Jeopardy! game show and all elements thereof, including but not limited to copyright and trademark thereto, are the property of Jeopardy Productions, Inc. and are protected under law. This website is not affiliated with, sponsored by, or operated by Jeopardy Productions, Inc. Join the discussion at JBoard.tv.